Liste des Dresseurs clés dans Pokémon - Statistiques

Statistiques générales
  • Ce quiz a été pris 1 828 fois
    348 depuis la dernière actualisation
  • Le résultat moyen est 91 sur 216
Statistiques - réponses
Région.s d'apparition Rôle Nom du Dresseur % Correct
Kalos Ancien roi de Kalos A.Z.
80%
Unys Roi de la Team Plasma N
80%
Kanto, Unys Champion d'Arène d'Argenta Pierre
80%
Hoenn, Unys Maître de la Ligue de Hoenn Pierre Rochard
80%
Kanto, Unys, Alola Rival et Maître de la Ligue Indigo, puis Champion d'Arène de Jadielle Blue
77%
Kanto, Unys Championne d'Arène d'Azuria Ondine
74%
Johto, Unys, Alola Ancien Maître de la Ligue Indigo retiré au Mont Argenté Red
72%
Kanto, Unys, Alola Boss de la Team Rocket et de la Team Rainbow Rocket et Champion d'Arène de Jadielle Giovanni
71%
Sinnoh, Unys, Alola Maître de la Ligue de Sinnoh Cynthia
70%
Kanto, Johto Membre du Conseil 4 du Plateau Indigo Aldo
68%
Kanto Professeur Pokémon de Kanto (peut être affronté via un Bug) Chen
68%
Kanto, Johto, Unys Membre du Conseil 4 du Plateau Indigo puis Maître de la Ligue Indigo Peter
68%
Kanto, Johto Champion d'Arène de Parmanie puis membre du Conseil 4 du Plateau Indigo Koga
67%
Sinnoh Membre du Conseil 4 de Sinnoh Adrien
66%
Kanto, Unys Champion d'Arène de Cramois'Île Auguste
66%
Kanto, Unys Champion d'Arène de Carmin sur Mer Major Bob
66%
Unys Championne d'Arène de Janusia puis Maître de la Ligue d'Unys Iris
65%
Hoenn, Alola Leader de la Team Aqua Arthur
64%
Kanto Membre du Conseil 4 du Plateau Indigo Agatha
63%
Sinnoh, Unys Championne d'Arène de Vestigion Flo
63%
Sinnoh, Alola Leader de la Team Galaxie Hélio
63%
Alola Challenger à la Ligue d'Alola Ali
62%
Johto, Unys Championne d'Arène de Doublonville Blanche
62%
Hoenn Rival.e Brice / Flora
62%
Hoenn, Unys Championne d'Arène de Vermilava Adriane
61%
Johto, Unys Champion d'Arène de Mauville Albert
61%
Unys Rivale Bianca
61%
Kanto, Unys Championne d'Arène de Céladopole Erika
61%
Hoenn, Unys Champion d'Arène d'Atalanopolis puis Maître de la Ligue de Hoenn Marc
61%
Sinnoh Commandante de la Team Galaxie Mars
61%
Sinnoh Membre du Conseil 4 de Sinnoh Aaron
60%
Sinnoh Dresseur accompagnant le joueur sur l'Île de Fer Armand
60%
Kanto, Unys Championne d'Arène de Safrania Morgane
60%
Unys Rival puis Champion d'Arène de Pavonnay Tcheren
60%
Galar Maître de la Ligue de Galar Tarak
59%
Sinnoh Membre du Conseil 4 de Sinnoh Terry
59%
Hoenn, Unys Champion d'Arène de Myokara Bastien
58%
Alola Professeur Pokémon d'Alola Euphorbe
58%
Sinnoh, Unys Champion d'Arène de Charbourg Pierrick
58%
Alola Rival Tili
58%
Alola Présidente de la Fondation Æther Elsa-Mina
57%
Sinnoh Commandante de la Team Galaxie Jupiter
56%
Kalos, Alola Leader de la Team Flare Lysandre
56%
Hoenn, Alola Leader de la Team Magma Max
56%
Hoenn, Unys Champion d'Arène de Clémenti-Ville Norman
56%
Hoenn, Unys Championne d'Arène de Mérouville Roxanne
56%
Sinnoh Commandant de la Team Galaxie Saturne
56%
Kalos Rival.e Serena / Kalem
56%
Alola Capitaine d'Épreuve de la Jungle Sombrefeuille Barbara
55%
Alola Rival et ancien membre de la Team Skull Gladio
55%
Johto, Unys Championne d'Arène d'Oliville Jasmine
55%
Sinnoh Rival.e Louka / Aurore
55%
Hoenn, Unys Championne d'Arène de Cimetronelle Alizée
54%
Unys Championne d'Arène de Maillard Aloé
54%
Unys Champion d'Arène de Port Yoneuve Bardane
54%
Kalos Maître de la Ligue de Kalos Dianthéa
54%
Unys, Alola Leader et Sage de la Team Plasma Ghetis
54%
Alola Boss de la Team Skull Guzma
54%
Unys Championne d'Arène de Méanville Inezia
54%
Kalos Champion d'Arène d'Illumis Lem
54%
Unys Champion d'Arène d'Ogoesse Rachid
54%
Hisui Chef du Clan Diamant Adamantin
53%
Hoenn Membre du Conseil 4 d'Éternara Aragon
53%
Unys Champion d'Arène de Volucité Artie
53%
Kanto Membres de la Team Rocket Jessie et James
53%
Galar Rival Nabil
53%
Kanto Membre du Conseil 4 du Plateau Indigo Olga
53%
Hoenn Membre du Conseil 4 d'Éternara Damien
52%
Hoenn Membre du Conseil 4 d'Éternara Glacia
52%
Sinnoh, Unys Championne d'Arène de Frimapic Gladys
52%
Sinnoh, Unys Championne d'Arène d'Unionpolis Kiméra
52%
Kalos Professeur Pokémon de Kalos Platane
52%
Sinnoh Rival René
52%
Johto, Unys Championne d'Arène d'Ébènelle Sandra
52%
Hoenn, Alola Rival Timmy
52%
Hoenn, Unys Champion d'Arène de Lavandia Voltère
52%
Unys Maître de la Ligue d'Unys Goyah
51%
Sinnoh, Unys Champion d'Arène de Verchamps Lovis
51%
Johto, Unys Champion d'Arène de Rosalia Mortimer
51%
Unys Champion d'Arène d'Ogoesse Noa
51%
Sinnoh, Unys Champion d'Arène de Rivamar Tanguy
51%
Unys Champion d'Arène d'Ogoesse Armando
50%
Unys Championne d'Arène de Parsemille Carolina
50%
Johto Rival Silver
50%
Hoenn, Kalos Châtelaine de la Maison de Combat Aurore
49%
Johto Membre du Conseil 4 du Plateau Indigo Clément
49%
Johto, Unys Champion d'Arène d'Écorcia Hector
49%
Hoenn Membre du Conseil 4 d'Éternara Spectra
49%
Kalos Rival Tierno
49%
Sinnoh, Unys Champion d'Arène de Joliberges Charles
48%
Sinnoh Membre du Conseil 4 de Sinnoh Lucio
48%
Alola Doyen de Mele-Mele et Membre du Conseil 4 d'Alola Pectorius
48%
Kalos Championne d'Arène de Yantreizh Cornélia
47%
Johto, Unys Champion d'Arène d'Acajou Frédo
47%
Hoenn Champion d'Arène d'Atalanopolis Juan
47%
Hoenn, Unys Champion d'Arène d'Algatia Lévy
47%
Alola Capitaine d'Épreuve de la Colline Clapotis Néphie
47%
Hoenn, Unys Championne d'Arène d'Algatia Tatia
47%
Kalos Rival Trovato
47%
Kalos Championne d'Arène de Neuvartault Violette
47%
Unys Champion d'Arène de Flocombe Zhu
47%
Unys Champion d'Arène de Papeloa Amana
46%
Kalos Champion d'Arène de Port Tempères Amaro
46%
Alola Capitaine d'Épreuve du Parc Volcanique Kiawe
46%
Kalos Champion d'Arène de Relifac-le-Haut Lino
46%
Sinnoh, Unys Championne d'Arène de Voilaroc Mélina
46%
Galar Rivale et nouvelle Championne d'Arène de Smashings Rosemary
46%
Kalos Champion d'Arène d'Auffrac-les-Congères Urup
46%
Galar Champion d'Arène d'Old Chister Alistair
45%
Johto, Unys Champion d'Arène d'Irisia Chuck
45%
Kalos Membre du Conseil 4 de Kalos Malva
45%
Galar Champion d'Arène de Smashings Peterson
45%
Kalos Rivale Sannah
45%
Galar Rival puis Champion d'Arène de Corrifey Travis
45%
Alola Capitaine d'Épreuve de la Grotte Verdoyante Althéo
44%
Kanto, Unys Championne d'Arène de Parmanie Jeannine
44%
Johto Membre du Conseil 4 du Plateau Indigo Marion
44%
Unys Champion d'Arène de Janusia Watson
44%
Unys Membre du Conseil 4 d'Unys Anis
43%
Galar Champion d'Arène de Motorby Kabu
43%
Alola Capitaine d'Épreuve de l'Ancien site Bradley Prix puis Membre du Conseil 4 d'Alola Margie
43%
Kalos Membre du Conseil 4 de Kalos Narcisse
43%
Galar Champion d'Arène de Kickenham Roy
43%
Unys Championne d'Arène d'Ondes-sur-Mer Strykna
43%
Alola Doyenne d'Akala et Membre du Conseil 4 d'Alola Alyxia
42%
Alola Capitaine d'Épreuve de l'Observatoire Chrys
42%
Kalos Membre du Conseil 4 de Kalos Dracéna
42%
Unys Membre du Conseil 4 d'Unys Kunz
42%
Unys, Alola Chercheur de la Team Plasma Nikolaï
42%
Unys Membre du Conseil 4 d'Unys Percila
42%
Unys, Alola Membre du Conseil 4 d'Unys Pieris
42%
Kalos Championne d'Arène de Romant-sous-Bois Valériane
42%
Galar Championne d'Arène de Skifford Donna
41%
Galar Championne d'Arène d'Old Chister Faïza
41%
Hoenn Gardienne du Savoir du Peuple du Météore Amaryllis
40%
Kalos Championne d'Arène de Flusselles Astera
40%
Galar Champion d'Arène de Greenbury Percy
40%
Galar Champion d'Arène de Ludester Chaz
39%
Galar Championne d'Arène de Corrifey Sally
39%
Kalos Membre du Conseil 4 de Kalos Thyméo
39%
Alola Doyen d'Ula-Ula Danh
38%
Sinnoh Dresseuse accompagnant le joueur dans la Forêt de Vestigion Sara
37%
Johto Pokémonologue qui traque Suicune Eusine
36%
Johto Commandant de la Team Rocket Lance
36%
Unys Rival Matis
36%
Alola Doyenne de Poni Paulie
36%
Alola Admin de la Team Skull Apocyne
35%
Alola Ancien Capitaine d'Épreuve de l'Observatoire puis Membre du Conseil 4 d'Alola Molène
35%
Hisui Membre de la Compagnie Ginkgo désirant s'approprier les pouvoirs d'Arceus Percupio
35%
Galar Championne d'Arène de Ludester Lona
34%
Hisui Cheffe du Clan Perle Nacchara
33%
Johto Commandante de la Team Rocket Ariane
30%
Alola Assistant du Professeur Pokémon de Kalos Dexio
30%
Galar Descendant des premiers rois de Galar Jean-Fleuret
30%
Galar Descendant des premiers rois de Galar Jean-Targe
30%
Alola Membre du Conseil 4 d'Alola Kahili
30%
Kanto, Alola Capitaine d'Épreuve du Village Flottant Oléa
30%
Johto Commandant de la Team Rocket Amos
29%
Unys Boss du Gratte-Ciel Noir et de l'Arbre Creux Blanc Guajava
29%
Johto Commandant de la Team Rocket Lambda
29%
Galar Maître du Dojo de la Maîtrise Mustar
29%
Kalos Scientifique de la Team Flare Myosotis
29%
Kalos Scientifique de la Team Flare Xanthin
29%
Hoenn Admin de la Team Magma Courtney
28%
Galar Président de Macro Cosmos Shehroz
28%
Unys, Hisui Chef du Métro de Combat puis Gardien du Clan Perle en charge de Farfurex Chammal
27%
Hisui Dirigeant du Groupe Galaxie Cormier
27%
Unys Chef du Métro de Combat Chamsin
26%
Sinnoh Dresseur accompagnant le joueur au Mont Abrupt Cornil
26%
Hoenn Admin de la Team Aqua Sarah
26%
Hoenn Admin de la Team Magma Kelvin
25%
Galar Vice-présidente de Macro Cosmos Liv
25%
Galar Rival puis Champion d'Arène Saturnin
25%
Hoenn Admin de la Team Aqua Matthieu
24%
Alola Directeur de la Fondation Æther Saubohne
24%
Alola Assistante du Professeur Pokémon de Kalos Sina
24%
Sinnoh Dresseuse accompagnant le joueur dans la partie de la Route Victoire menant à la Route 224 Viviane
23%
Hisui Chercheu.r.se du Groupe Galaxie Aurel / Lucia
22%
Galar Rivale puis Championne d'Arène Sophora
22%
Hisui Gardien du Clan Diamant en charge d'Électrode Camille
21%
Galar Ancien Champion d'Arène et Maître de la Ligue de Galar Dhilan
20%
Johto, Sinnoh Meneur de la Tour de Combat Koner
20%
Hoenn Meneur de l'Usine de Combat Sam
19%
Kanto Rival et Maître de la Ligue Indigo Trace
19%
Kalos Scientifique de la Team Flare Ancolie
18%
Hoenn, Alola Meneuse de la Tour de Combat et Cheffe du P.L.O.U.C. Cathy
18%
Sinnoh Dresseuse accompagnant le joueur dans la Grotte des Égarés Maïté
18%
Kalos Scientifique de la Team Flare Brasénie
17%
Unys Sage de la Team Plasma Carmine
17%
Kalos Scientifique de la Team Flare Cyane
17%
Hisui Gardienne du Clan Diamant en charge de Fragilady Marcia
17%
Hoenn Meneuse du Reptile de Combat Charline
15%
Unys Sage de la Team Plasma Lilien
15%
Alola Champion de l'Arène de Kanto à Malié Solane
15%
Johto, Sinnoh Meneur de l'Usine de Combat Cardus
14%
Hoenn Meneuse du Dojo de Combat Carole
14%
Hoenn Meneur du Palace de Combat Esteban
14%
Hisui Membre des Détroussœurs Garance
13%
Hoenn, Kalos Châtelaine de la Maison de Combat Nix
13%
Hoenn Meneur de la Pyramide de Combat Bayar
12%
Johto, Sinnoh Meneuse de l'Arcade de Combat Dahlia
12%
Hisui Membre des Détroussœurs Hermance
12%
Hisui Gardien du Clan Perle en charge de Hachécateur Élian
11%
Johto, Sinnoh Meneur du Castel de Combat Parsley
11%
Hisui Gardienne du Clan Diamant en charge de Cerbyllin Ryza
11%
Hisui Membre des Détroussœurs Constance
10%
Johto, Sinnoh Meneuse de la Scène de Combat Célosia
9%
Hisui Gardienne du Clan Diamant en charge de Gueriaigle Sabi
9%
Hoenn Meneur du Dôme de Combat Takim
9%
Hoenn, Kalos Châtelaine de la Maison de Combat Vesper
9%
Hoenn, Kalos Châtelaine de la Maison de Combat Méridia
8%
Alola Membre de l'Ultra-Commando Rhody
8%
Hisui Bras droit du Dirigeant du Groupe Galaxie Lardi
7%
Hisui Cheffe du Corps de la Défense du Groupe Galaxie Bélila
6%
Hisui Gardien du Clan Perle en charge de Séracrawl Garrett
6%
Alola Membre de l'Ultra-Commando Solie
6%
Aucun quiz correspondant
Distribution des résultats
% des personnes avec chaque résultat
Percentile par nombre de réponses
Votre historique - résultats
Vous n’avez pas pris ce quiz depuis la dernière actualisation